Statistics for U.S. States Colonized by Great Britain

Click here to take the quiz!

General Stats

  • This quiz has been taken 100 times
  • The average score is 26 of 33

Answer Stats

Answer% Correct
New York
97%
Maine
92%
South Carolina
91%
North Carolina
91%
Virginia
90%
New Jersey
90%
Pennsylvania
89%
Florida
89%
Rhode Island
89%
Ohio
88%
Georgia
87%
Maryland
85%
New Hampshire
84%
Massachusetts
84%
Delaware
84%
Alabama
83%
Connecticut
82%
Vermont
81%
Illinois
81%
Michigan
80%
Kentucky
80%
Tennessee
78%
West Virginia
78%
Indiana
73%
Mississippi
72%
Louisiana
67%
Wisconsin
67%
Washington
66%
Minnesota
64%
Oregon
61%
Montana
52%
Wyoming
52%
Idaho
48%

Score Distribution

Percentile by Number Answered

Percent of People with Each Score

Your Score History

You have not taken this quiz